| 000 | 00892nam a22002771a 4500 | ||
|---|---|---|---|
| 001 | 32758 | ||
| 003 | AR-RoBPED | ||
| 005 | 20260514100250.0 | ||
| 007 | ta | ||
| 008 | 060622s1988 ag a|||br|||||||1 ||spa | ||
| 020 | _a950010329X | ||
| 040 |
_aAR-BaBN _eaacr _dAR-RoBPED |
||
| 041 | _aspa | ||
| 100 | 1 |
_aPescetto, Alberto _916896 |
|
| 245 | 1 | 0 |
_aGrupo 6 : _blibro de lectura para sexto grado / _cAlberto Pescetto, Elsa Riba, Susana Inés Rovere. |
| 260 |
_aBuenos Aires : _bAngel Estrada, _c1987. |
||
| 300 |
_a154 p. _bil. col. |
||
| 500 | _aEn portada: "Con taller de expresión". | ||
| 650 | 4 |
_aARCHIVO INFANTIL _924464 |
|
| 650 | 4 |
_aLIBROS DE LECTURA _915325 |
|
| 650 | 4 |
_aSEXTO GRADO _91465 |
|
| 700 | 1 |
_aRiba, Elsa _916897 |
|
| 700 | 1 |
_aRovere, Susana Inés _95918 |
|
| 942 |
_2udc _aK. 32758 _cBK _h372.4 _kIA _mP 46 g _pInv. 42440 |
||
| 945 | _ann 13/05/2026 - cd 14/05/2026 | ||
| 999 |
_c32758 _d32758 |
||